[Event "119th Scottish Championship"]
[Site "Glasgow"]
[Date "2012.07.07"]
[Round "1"]
[White "Enchev, Ivajlo"]
[Black "Buchanan, Walter F"]
[Result "1-0"]
[WhiteElo "2413"]
[BlackElo "2127"]
[PlyCount "51"]
[EventDate "2012.07.07"]
[EventType "swiss"]
[EventRounds "9"]
[EventCountry "SCO"]
[Source "Chess Scotland"]
[SourceDate "2012.07.24"]

1. d4 Nf6 2. c4 e6 3. Nc3 Bb4 4. Qc2 Nc6 5. Nf3 d6 6. a3 Bxc3+ 7. Qxc3 O-O 8.
g3 Re8 9. Bg2 e5 10. d5 Nb8 11. O-O Ne4 12. Qc2 Bf5 13. Nh4 Nxg3 14. Nxf5 Nxf1
15. Bxf1 Nd7 16. e4 g6 17. Nh6+ Kg7 18. Bh3 Qe7 19. Kh1 Rad8 20. Be3 Qh4 21.
Bg4 Nf6 22. Rg1 Nxg4 23. Rxg4 Qh3 24. Qe2 Qh5 25. f3 f6 26. Nf5+ 1-0

[Event "119th Scottish Championship"]
[Site "Glasgow"]
[Date "2012.07.07"]
[Round "1"]
[White "Mitchell, Robert"]
[Black "Bejtovic, Jasmin"]
[Result "0-1"]
[WhiteElo "2125"]
[BlackElo "2385"]
[PlyCount "96"]
[EventDate "2012.07.07"]
[EventType "swiss"]
[EventRounds "9"]
[EventCountry "SCO"]
[Source "Chess Scotland"]
[SourceDate "2012.07.24"]

1. e4 c5 2. Nc3 g6 3. d4 cxd4 4. Qxd4 Nf6 5. Nf3 Nc6 6. Qa4 d6 7. e5 dxe5 8.
Nxe5 Bg7 9. Nxc6 bxc6 10. Bc4 O-O 11. O-O Qc7 12. h3 e6 13. Bb3 Nd5 14. Ne2 c5
15. Qh4 Bb7 16. c3 Ne7 17. Bc2 Rfe8 18. Bh6 Qc6 19. f3 Qb5 20. Ng3 Qxb2 21.
Bxg7 Kxg7 22. Ba4 Qxc3 23. Bxe8 Qe3+ 24. Kh1 Rxe8 25. Rae1 Qd4 26. Ne4 Nf5 27.
Qf4 e5 28. Qg5 Bxe4 29. fxe4 h6 30. Qg4 Ne3 31. Rxf7+ Kxf7 32. Qf3+ Kg7 33.
Rxe3 c4 34. Ra3 Rf8 35. Qe2 Rf7 36. Ra6 Rf4 37. Rc6 Rxe4 38. Rc7+ Kf6 39. Qf3+
Rf4 40. Rc6+ Ke7 41. Rc7+ Ke6 42. Qc6+ Kf5 43. Rf7+ Kg5 44. Rxf4 exf4 45. Qe6
c3 46. Qe7+ Kf5 47. Qf7+ Ke4 48. Qb7+ Ke3 0-1

[Event "119th Scottish Championship"]
[Site "Glasgow"]
[Date "2012.07.07"]
[Round "1"]
[White "Dunnington, Angus J"]
[Black "McKenna, Jason P"]
[Result "1-0"]
[WhiteElo "2386"]
[BlackElo "2115"]
[PlyCount "73"]
[EventDate "2012.07.07"]
[EventType "swiss"]
[EventRounds "9"]
[EventCountry "SCO"]
[Source "Chess Scotland"]
[SourceDate "2012.07.24"]

1. b3 Nf6 2. Bb2 g6 3. Bxf6 exf6 4. c4 Bg7 5. Nc3 O-O 6. g3 d6 7. e3 Nd7 8. Bg2
Re8 9. Nge2 c6 10. O-O f5 11. d4 Nf6 12. Qc2 Qe7 13. b4 Ne4 14. b5 Bd7 15. Rab1
Rab8 16. bxc6 Nxc3 17. Nxc3 Bxc6 18. Bxc6 bxc6 19. Rb3 h5 20. Rfb1 Rxb3 21.
Qxb3 Rc8 22. Qb7 Rc7 23. Qb8+ Kh7 24. h4 f4 25. gxf4 Qd7 26. Ne4 Qg4+ 27. Kf1
Qh3+ 28. Ke2 Qg4+ 29. Kd3 Rc8 30. Qb7 Kg8 31. Nxd6 Rf8 32. Qxc6 Qxh4 33. Qf3
Qe7 34. c5 Rd8 35. Rb3 Qe6 36. f5 gxf5 37. Nxf5 1-0

[Event "119th Scottish Championship"]
[Site "Glasgow"]
[Date "2012.07.07"]
[Round "1"]
[White "McGowan, Daniel"]
[Black "McKay, Roderick M"]
[Result "1/2-1/2"]
[WhiteElo "2101"]
[BlackElo "2376"]
[PlyCount "82"]
[EventDate "2012.07.07"]
[EventType "swiss"]
[EventRounds "9"]
[EventCountry "SCO"]
[Source "Chess Scotland"]
[SourceDate "2012.07.24"]

1. e4 c5 2. c3 d5 3. exd5 Nf6 4. Nf3 Nxd5 5. d4 cxd4 6. Qxd4 e6 7. Nbd2 Nc6 8.
Bb5 Bd7 9. Bxc6 Bxc6 10. Ne5 Qb6 11. Nb3 Qa6 12. Nxc6 bxc6 13. Qe5 Be7 14. Qe2
Qb6 15. O-O O-O 16. Rd1 Rfd8 17. Be3 c5 18. c4 Nb4 19. h3 Bf8 20. Rxd8 Rxd8 21.
Rd1 Rxd1+ 22. Qxd1 Nxa2 23. Nxc5 Bxc5 24. Qa4 Qb4 25. Qxa2 Bxe3 26. fxe3 Qe1+
27. Kh2 Qxe3 28. b4 h5 29. c5 Qf4+ 30. Kh1 g5 31. Qxa7 g4 32. Qa8+ Kh7 33. Qa1
Qxb4 34. Qc1 Qe4 35. hxg4 hxg4 36. Qg5 f5 37. Qe7+ Kg6 38. Qe8+ Kg5 39. Qd8+
Kf4 40. Qd2+ Kg3 41. Qc3+ Kf4 1/2-1/2

[Event "119th Scottish Championship"]
[Site "Glasgow"]
[Date "2012.07.07"]
[Round "1"]
[White "De Verdier, Michael"]
[Black "Noordhoek, Henk"]
[Result "1-0"]
[WhiteElo "2352"]
[BlackElo "2095"]
[PlyCount "117"]
[EventDate "2012.07.07"]
[EventType "swiss"]
[EventRounds "9"]
[EventCountry "SCO"]
[Source "Chess Scotland"]
[SourceDate "2012.07.24"]

1. Nf3 Nf6 2. c4 g6 3. Nc3 d5 4. cxd5 Nxd5 5. Qc2 Bg7 6. e4 Nxc3 7. dxc3 O-O 8.
Bf4 c5 9. a4 Nc6 10. Rd1 Qb6 11. Be3 a5 12. Nd2 Be6 13. Nc4 Qc7 14. Na3 b6 15.
Be2 Rad8 16. O-O Na7 17. Bc4 Bd7 18. Qb3 Nc8 19. Rd2 Nd6 20. Bf4 Bc6 21. Rfd1
e5 22. Bg5 Rd7 23. f3 h6 24. Be7 Rxe7 25. Rxd6 Rd7 26. Rxg6 Kh7 27. Rxd7 Qxd7
28. Rxc6 Qxc6 29. Bd5 Qf6 30. Nc4 Rb8 31. Nxa5 Qf4 32. Nc4 Qc1+ 33. Kf2 Bf6 34.
Ne3 Qd2+ 35. Kf1 Qd3+ 36. Kf2 Qd2+ 37. Kf1 Qxe3 38. Bxf7 Rd8 39. Bd5 Qd3+ 40.
Kf2 Bg5 41. Qxb6 Qd2+ 42. Kf1 Qd1+ 43. Kf2 Qxa4 44. Qxc5 Qd7 45. Qb6 Qd6 46.
Qb7+ Rd7 47. Qa8 Bd8 48. b4 Qc7 49. c4 Qb6+ 50. c5 Qxb4 51. Qc8 Qb5 52. g3 Qb2+
53. Kg1 Qc1+ 54. Kg2 Qd2+ 55. Kh3 Rxd5 56. exd5 Qxd5 57. c6 Qd1 58. Qf5+ Kg8
59. Qe4 1-0

[Event "119th Scottish Championship"]
[Site "Glasgow"]
[Date "2012.07.07"]
[Round "1"]
[White "Rutherford, Elaine"]
[Black "Bryson, Douglas M"]
[Result "0-1"]
[WhiteElo "2091"]
[BlackElo "2350"]
[PlyCount "58"]
[EventDate "2012.07.07"]
[EventType "swiss"]
[EventRounds "9"]
[EventCountry "SCO"]
[Source "Chess Scotland"]
[SourceDate "2012.07.24"]

1. e4 d5 2. exd5 Nf6 3. d4 Bg4 4. Nf3 Nxd5 5. c4 Nb6 6. c5 N6d7 7. Be2 Nc6 8.
Qa4 e5 9. dxe5 Bxf3 10. Bxf3 Ncxe5 11. O-O Bxc5 12. Bxb7 Rb8 13. Bc6 Nxc6 14.
Qxc6 O-O 15. Nc3 Rb6 16. Qa4 Re8 17. Bf4 Rb4 18. Qc6 Rxf4 19. Nd5 Rc4 20. Qb5
Rce4 21. Rad1 Bd6 22. Nc3 Rb4 23. Qa5 Rxb2 24. Nb5 Nf6 25. a4 Qb8 26. Qc3 Rbe2
27. Rc1 Bf4 28. Rb1 Ne4 29. Qf3 Nd2 0-1

[Event "119th Scottish Championship"]
[Site "Glasgow"]
[Date "2012.07.07"]
[Round "1"]
[White "Tate, Alan"]
[Black "Vincenti, David"]
[Result "0-1"]
[WhiteElo "2346"]
[BlackElo "2091"]
[PlyCount "80"]
[EventDate "2012.07.07"]
[EventType "swiss"]
[EventRounds "9"]
[EventCountry "SCO"]
[Source "Chess Scotland"]
[SourceDate "2012.07.24"]

1. e4 c5 2. Nf3 e6 3. d4 cxd4 4. Nxd4 a6 5. Bd3 Nf6 6. O-O Qc7 7. Qe2 d6 8. c4
g6 9. Nc3 Bg7 10. Rd1 O-O 11. Nf3 Nc6 12. h3 Nd7 13. Bf4 Nde5 14. Rac1 Bd7 15.
Bb1 Nxf3+ 16. Qxf3 Ne5 17. Qg3 Rac8 18. b3 Qb8 19. Bg5 f6 20. Be3 g5 21. Ne2
Kh8 22. f4 gxf4 23. Nxf4 Rf7 24. Qh4 Rg8 25. Kh1 Bf8 26. Bb6 Qc8 27. Rf1 Ng6
28. Nxg6+ Rxg6 29. Be3 Be7 30. Qh5 Qg8 31. Rf2 Bc6 32. Qe2 f5 33. exf5 exf5 34.
Bd4+ Bf6 35. Bxf6+ Rgxf6 36. Kh2 f4 37. Rc3 Qg5 38. b4 Kg7 39. Qb2 f3 40. g4
Qe5+ 0-1

[Event "119th Scottish Championship"]
[Site "Glasgow"]
[Date "2012.07.07"]
[Round "1"]
[White "McClement, Andrew"]
[Black "Cooksey, Paul S"]
[Result "1/2-1/2"]
[WhiteElo "2075"]
[BlackElo "2298"]
[PlyCount "100"]
[EventDate "2012.07.07"]
[EventType "swiss"]
[EventRounds "9"]
[EventCountry "SCO"]
[Source "Chess Scotland"]
[SourceDate "2012.07.24"]

1. e4 c5 2. Nf3 e6 3. d4 cxd4 4. Nxd4 a6 5. Nc3 Qc7 6. Bd3 Nf6 7. O-O Bc5 8.
Be3 d6 9. Kh1 e5 10. Nf5 Bxf5 11. exf5 Bxe3 12. fxe3 d5 13. g4 h6 14. Be2 Qc5
15. Bf3 e4 16. Bg2 Nc6 17. Qe2 b5 18. Rf4 Rc8 19. Rd1 Ne7 20. Rd2 Qb4 21. Nd1
Qa5 22. a3 Qb6 23. Kg1 Rc4 24. Rf1 Nd7 25. Nf2 Ne5 26. b3 Rc3 27. Nd1 Rc8 28.
Rf4 a5 29. h4 f6 30. Rf1 a4 31. Rd4 axb3 32. cxb3 Rc5 33. a4 bxa4 34. bxa4 Rc4
35. Rxc4 Nxc4 36. Bxe4 Qc5 37. Bd3 O-O 38. Bxc4 dxc4 39. Rf4 Rd8 40. Nc3 Rd3
41. Ne4 Qe5 42. Nf2 Rc3 43. Rxc4 Rxe3 44. Qc2 Nd5 45. Re4 Re1+ 46. Rxe1 Qxe1+
47. Kh2 Qe5+ 48. Kh1 Qe1+ 49. Kh2 Kh7 50. Qa2 Qe5+ 1/2-1/2

[Event "119th Scottish Championship"]
[Site "Glasgow"]
[Date "2012.07.07"]
[Round "1"]
[White "Giulian, Philip M"]
[Black "Bolt, Graham"]
[Result "1-0"]
[WhiteElo "2285"]
[BlackElo "2071"]
[PlyCount "57"]
[EventDate "2012.07.07"]
[EventType "swiss"]
[EventRounds "9"]
[EventCountry "SCO"]
[Source "Chess Scotland"]
[SourceDate "2012.07.24"]

1. d4 g6 2. e4 Bg7 3. c4 d6 4. Nc3 a6 5. Be3 c6 6. c5 dxc5 7. dxc5 Qxd1+ 8.
Rxd1 Bxc3+ 9. bxc3 e5 10. Bc4 Nf6 11. f3 Ke7 12. Ne2 Be6 13. Bxe6 fxe6 14. Rb1
Ra7 15. O-O a5 16. Rfd1 Rd8 17. Rxd8 Kxd8 18. Rd1+ Ke7 19. a4 Na6 20. Nc1 Nd7
21. Nb3 Ra8 22. Kf2 Rh8 23. Bg5+ Ke8 24. Rd6 Nc7 25. Nxa5 h6 26. Be3 Ke7 27.
Nxb7 Rb8 28. Na5 Rb2+ 29. Kg3 1-0

[Event "119th Scottish Championship"]
[Site "Glasgow"]
[Date "2012.07.07"]
[Round "1"]
[White "Lagerman, Robert"]
[Black "Orr, Mark J L"]
[Result "1/2-1/2"]
[WhiteElo "2315"]
[BlackElo "2260"]
[PlyCount "39"]
[EventDate "2012.07.07"]
[EventType "swiss"]
[EventRounds "9"]
[EventCountry "SCO"]
[Source "Chess Scotland"]
[SourceDate "2012.07.24"]

1. e4 c5 2. d3 d5 3. Be2 dxe4 4. dxe4 Qxd1+ 5. Bxd1 Nc6 6. Be3 e5 7. Nd2 Nf6 8.
f3 Be6 9. c3 Nd7 10. Bb3 Bxb3 11. axb3 Be7 12. Nh3 O-O 13. Nc4 Rfd8 14. Ke2 Nf8
15. Bf2 Ne6 16. Rhd1 Rxd1 17. Kxd1 Rd8+ 18. Kc2 f6 19. Ne3 Nc7 20. Rd1 1/2-1/2

[Event "119th Scottish Championship"]
[Site "Glasgow"]
[Date "2012.07.07"]
[Round "1"]
[White "Swan, Iain"]
[Black "Rysbaeva, Korlan"]
[Result "1-0"]
[WhiteElo "2259"]
[BlackElo "2057"]
[PlyCount "77"]
[EventDate "2012.07.07"]
[EventType "swiss"]
[EventRounds "9"]
[EventCountry "SCO"]
[Source "Chess Scotland"]
[SourceDate "2012.07.24"]

1. e4 e5 2. Nf3 Nc6 3. Bb5 a6 4. Ba4 Nf6 5. O-O b5 6. Bb3 Bc5 7. a4 Rb8 8. c3
d6 9. d4 Bb6 10. a5 Ba7 11. h3 O-O 12. Be3 Qe7 13. Re1 b4 14. Nbd2 Rd8 15. Ba4
bxc3 16. bxc3 exd4 17. cxd4 Bb7 18. e5 dxe5 19. dxe5 Nd5 20. Bg5 Qb4 21. Bxd8
Nxd8 22. Qc2 Ne6 23. Ne4 Nd4 24. Nxd4 Bxd4 25. Rab1 Qxa5 26. Bc6 Nb4 27. Rxb4
Qxb4 28. Rb1 Qa5 29. Bxb7 Bxe5 30. Bc6 Rxb1+ 31. Qxb1 Qb6 32. Qc2 g6 33. Kf1
Bd4 34. g3 a5 35. Kg2 Kg7 36. h4 f5 37. Ng5 Bxf2 38. Qc3+ Kf8 39. Qf6+ 1-0

[Event "119th Scottish Championship"]
[Site "Glasgow"]
[Date "2012.07.07"]
[Round "1"]
[White "Karlsson, Mikael"]
[Black "Kelly, J Steven"]
[Result "0-1"]
[WhiteElo "1929"]
[BlackElo "1889"]
[PlyCount "100"]
[EventDate "2012.07.07"]
[EventType "swiss"]
[EventRounds "9"]
[EventCountry "SCO"]
[Source "Chess Scotland"]
[SourceDate "2012.07.24"]

1. c4 e5 2. g3 Nf6 3. Bg2 Be7 4. Nf3 Nc6 5. O-O O-O 6. Nc3 Re8 7. d4 exd4 8.
Nxd4 a6 9. b3 Bc5 10. e3 Ne5 11. Bb2 Qe7 12. Qc2 Rb8 13. Nf5 Qf8 14. Nd5 Nxd5
15. cxd5 d6 16. Rac1 Bd7 17. Kh1 f6 18. Nd4 Qf7 19. a3 Qh5 20. Qe2 Qxe2 21.
Nxe2 Nd3 22. b4 Nxc1 23. Rxc1 Bb6 24. Nc3 Kf7 25. a4 a5 26. b5 Bf5 27. e4 Bd7
28. Nd1 Rbc8 29. Ba3 Rcd8 30. Nb2 Rc8 31. f3 Bd4 32. Nc4 b6 33. Bf1 g5 34. Kg2
Kg7 35. Bd3 h5 36. Rc2 Rh8 37. Nd2 g4 38. f4 h4 39. f5 hxg3 40. hxg3 Rh3 41.
Be2 Rch8 42. Nf1 Rh1 43. Bxg4 Rg1+ 44. Kf3 Rxf1+ 45. Kg2 Rf2+ 46. Rxf2 Bxf2 47.
Bc1 Bxg3 48. Kxg3 Rh1 49. Bf4 Ra1 50. Kh4 Rxa4 0-1

[Event "119th Scottish Championship"]
[Site "Glasgow"]
[Date "2012.07.07"]
[Round "1"]
[White "McLatchie, J."]
[Black "McKerracher, Douglas"]
[Result "0-1"]
[WhiteElo "1875"]
[BlackElo "2030"]
[PlyCount "88"]
[EventDate "2012.07.07"]
[EventType "swiss"]
[EventRounds "9"]
[EventCountry "SCO"]
[Source "Chess Scotland"]
[SourceDate "2012.07.24"]

1. e4 d5 2. exd5 Qxd5 3. Nc3 Qa5 4. d4 Nf6 5. Nf3 c6 6. Bd2 Bf5 7. Bc4 e6 8.
Nd5 Qd8 9. Nxf6+ gxf6 10. Bf4 Nd7 11. Qe2 Nb6 12. Bd3 Bg6 13. Bxg6 hxg6 14.
O-O-O Qd5 15. Kb1 O-O-O 16. Qd3 g5 17. Bg3 Bd6 18. Bxd6 Rxd6 19. b3 Rd7 20. c4
Qa5 21. Qe4 Rhd8 22. h4 gxh4 23. Rxh4 Qb4 24. Qf4 Nxc4 25. Qxf6 Na3+ 26. Kb2
Nb5 27. Rc1 Qa3+ 28. Kb1 Nc7 29. Rc2 Nd5 30. Qe5 Nb4 31. Rd2 Rd5 32. Qe2 Ra5
33. Ne5 Nd5 34. Qf3 Qb4 35. Rc2 f6 36. Nc4 Ra6 37. Qh3 Qe1+ 38. Kb2 Nb4 39. Rd2
Rxa2+ 40. Kc3 Nd5+ 41. Kd3 Qf1+ 42. Ke4 f5+ 43. Kf3 Rxd2 44. Nxd2 Qd1+ 0-1

[Event "119th Scottish Championship"]
[Site "Glasgow"]
[Date "2012.07.07"]
[Round "1"]
[White "James, Chris"]
[Black "Schmerwitz, Reinhard"]
[Result "1/2-1/2"]
[WhiteElo "2028"]
[BlackElo "1874"]
[PlyCount "101"]
[EventDate "2012.07.07"]
[EventType "swiss"]
[EventRounds "9"]
[EventCountry "SCO"]
[Source "Chess Scotland"]
[SourceDate "2012.07.24"]

1. e4 c5 2. Nf3 d6 3. d4 cxd4 4. Nxd4 Nf6 5. Nc3 Nc6 6. Bg5 e6 7. Qd2 a6 8.
O-O-O Bd7 9. f4 b5 10. Bxf6 gxf6 11. Nxc6 Bxc6 12. Bd3 Qb6 13. Rhe1 O-O-O 14.
Qe2 h5 15. g3 Kb8 16. Nb1 Be7 17. Nd2 Ka7 18. Kb1 Rc8 19. Nf3 d5 20. e5 f5 21.
h4 Bc5 22. Rf1 d4 23. Ng5 Rc7 24. Rf2 Bd5 25. Qd2 a5 26. Rh2 Bb4 27. Qe2 Rb8
28. Qxh5 Qc5 29. Nf3 Ba3 30. c3 dxc3 31. b3 a4 32. Ne1 axb3 33. axb3 Qb4 34.
Bc2 Bxb3 35. Nd3 Qa4 36. Qe2 Bxc2+ 37. Qxc2 Qxc2+ 38. Kxc2 Be7 39. Ra1+ Kb6 40.
Rhh1 b4 41. Kb3 Kc6 42. Ra4 Rcb7 43. h5 Kd5 44. Rd1 Ke4 45. Nf2+ Ke3 46. Rd3+
Kxf2 47. Ra2+ Ke1 48. Re3+ Kf1 49. Rf3+ Kg1 50. Re3 Kf1 51. Rf3+ 1/2-1/2

[Event "119th Scottish Championship"]
[Site "Glasgow"]
[Date "2012.07.07"]
[Round "1"]
[White "Campbell, Eoin"]
[Black "Isherwood, Paul"]
[Result "0-1"]
[WhiteElo "1868"]
[BlackElo "2024"]
[PlyCount "78"]
[EventDate "2012.07.07"]
[EventType "swiss"]
[EventRounds "9"]
[EventCountry "SCO"]
[Source "Chess Scotland"]
[SourceDate "2012.07.24"]

1. Nf3 d6 2. d4 Nf6 3. c4 Nbd7 4. Nc3 e5 5. e4 c6 6. Be2 a6 7. O-O b5 8. a3 Be7
9. Re1 O-O 10. h3 Re8 11. b4 Qc7 12. Bb2 Qb8 13. Qb3 h6 14. Rac1 Bf8 15. cxb5
axb5 16. dxe5 dxe5 17. a4 bxa4 18. Nxa4 Qxb4 19. Bc4 Qxb3 20. Bxb3 Rb8 21. Bd1
Ba6 22. Rxc6 Bb5 23. Rc7 Bd6 24. Ra7 Bxa4 25. Bxa4 Rxb2 26. Bxd7 Rd8 27. Bc6
Bc5 28. Rea1 Bxf2+ 29. Kh2 Nh5 30. Ra8 Bg3+ 31. Kh1 Rxa8 32. Bxa8 Nf4 33. Rf1
Rxg2 34. Bd5 Rb2 35. Rg1 Nh5 36. Ra1 Bf4 37. Ra8+ Kh7 38. Bxf7 Ng3+ 39. Kg1
Be3# 0-1

[Event "119th Scottish Championship"]
[Site "Glasgow"]
[Date "2012.07.07"]
[Round "1"]
[White "Doyle, James"]
[Black "Kleboe, Jim PR"]
[Result "1-0"]
[WhiteElo "2020"]
[BlackElo "1866"]
[PlyCount "125"]
[EventDate "2012.07.07"]
[EventType "swiss"]
[EventRounds "9"]
[EventCountry "SCO"]
[Source "Chess Scotland"]
[SourceDate "2012.07.24"]

1. d4 Nf6 2. c4 e6 3. Nc3 Bb4 4. e3 O-O 5. Bd3 d5 6. Nf3 c5 7. O-O Nc6 8. a3
Bxc3 9. bxc3 Qc7 10. cxd5 exd5 11. h3 Re8 12. c4 cxd4 13. exd4 h6 14. Be3 Be6
15. c5 Re7 16. Qc1 Qd7 17. Kh2 Bf5 18. Bb5 Qe6 19. Bxc6 bxc6 20. Ne5 Nd7 21.
Bf4 Nxe5 22. Bxe5 Qg6 23. Qd2 Rb7 24. Rfe1 Re8 25. Re3 f6 26. Bd6 Rxe3 27. Qxe3
Bc2 28. Re1 Qe4 29. Qd2 Qd3 30. Qxd3 Bxd3 31. Re3 Rb3 32. Re8+ Kh7 33. Rc8 Rxa3
34. Rxc6 Bb5 35. Rc7 Kg6 36. Bf8 Kf5 37. Bxg7 Ra6 38. Bxh6 Ke4 39. Be3 f5 40.
Re7+ Kd3 41. Rf7 Ke4 42. h4 Be2 43. Re7+ Kd3 44. Bf4 Bd1 45. Be5 Rh6 46. Rxa7
Rxh4+ 47. Kg3 Rg4+ 48. Kh3 Rg6 49. Rg7 Rxg7 50. Bxg7 Ba4 51. Kg3 Ke4 52. f3+
Ke3 53. Kh4 Bd7 54. Kg5 f4 55. Be5 Kf2 56. Kxf4 Kxg2 57. Bg7 Be8 58. Ke5 Kxf3
59. Kxd5 Kf4 60. Kd6 Ke4 61. c6 Bh5 62. c7 Bg4 63. Ke7 1-0

[Event "119th Scottish Championship"]
[Site "Glasgow"]
[Date "2012.07.07"]
[Round "1"]
[White "Jelfs, Alan"]
[Black "Burnett, Walter"]
[Result "1-0"]
[WhiteElo "1852"]
[BlackElo "2015"]
[PlyCount "71"]
[EventDate "2012.07.07"]
[EventType "swiss"]
[EventRounds "9"]
[EventCountry "SCO"]
[Source "Chess Scotland"]
[SourceDate "2012.07.24"]

1. d4 d5 2. c4 e5 3. dxe5 d4 4. Nf3 Nc6 5. g3 Nge7 6. Bg2 Ng6 7. O-O Ngxe5 8.
Nxe5 Nxe5 9. b3 g6 10. Nd2 Bg7 11. Ba3 f5 12. Re1 c6 13. e4 f4 14. gxf4 Nd3 15.
e5 Nxe1 16. Qxe1 Qa5 17. Bd6 Bf5 18. b4 Qd8 19. Nb3 d3 20. Nd4 Qd7 21. Qe3 Kf7
22. b5 Rac8 23. bxc6 bxc6 24. c5 Rhe8 25. Rd1 Bh6 26. Nxf5 gxf5 27. Qxd3 Rg8
28. Kh1 Rg6 29. Bh3 Rg4 30. Bxg4 fxg4 31. Qxh7+ Bg7 32. f5 Qe8 33. f6 Ke6 34.
fxg7 Qf7 35. Qh6+ Kf5 36. Rd4 1-0

[Event "119th Scottish Championship"]
[Site "Glasgow"]
[Date "2012.07.07"]
[Round "1"]
[White "Pyrich, George"]
[Black "McGeoch, Kenny R"]
[Result "1-0"]
[WhiteElo "2007"]
[BlackElo "1846"]
[PlyCount "59"]
[EventDate "2012.07.07"]
[EventType "swiss"]
[EventRounds "9"]
[EventCountry "SCO"]
[Source "Chess Scotland"]
[SourceDate "2012.07.24"]

1. d4 d5 2. c4 c6 3. Nc3 dxc4 4. e4 b5 5. a4 b4 6. Nce2 Nf6 7. Ng3 e5 8. Nf3
exd4 9. Bxc4 Bc5 10. O-O O-O 11. e5 Nfd7 12. e6 fxe6 13. Ng5 Qe7 14. Nxe6 Ne5
15. Nxc5+ Nxc4 16. Qxd4 Ne5 17. Be3 a5 18. Rac1 Ng4 19. Rfe1 Nxe3 20. Rxe3 Qf6
21. Qxf6 Rxf6 22. Rd1 Rf8 23. Re7 g6 24. Nge4 Bf5 25. Ng5 h6 26. Nge6 Rc8 27.
f3 h5 28. Ne4 Bxe4 29. fxe4 Kh8 30. Rf1 1-0

[Event "119th Scottish Championship"]
[Site "Glasgow"]
[Date "2012.07.07"]
[Round "1"]
[White "Aird, Ian"]
[Black "Sigurdarson, Emil"]
[Result "1-0"]
[WhiteElo "2000"]
[BlackElo "1808"]
[PlyCount "55"]
[EventDate "2012.07.07"]
[EventType "swiss"]
[EventRounds "9"]
[EventCountry "SCO"]
[Source "Chess Scotland"]
[SourceDate "2012.07.24"]

1. e4 c6 2. d4 d5 3. e5 Bf5 4. Nf3 e6 5. Be2 c5 6. O-O Nc6 7. c3 h5 8. Be3 cxd4
9. cxd4 Be7 10. Nc3 Nh6 11. Qd2 a6 12. Rac1 Rc8 13. Rfd1 b5 14. Bg5 Bxg5 15.
Qxg5 Qxg5 16. Nxg5 Bg6 17. a4 b4 18. Na2 a5 19. Bb5 Kd7 20. Rc5 Nf5 21. Nc1
Nfe7 22. Nb3 Ra8 23. Rdc1 Rhc8 24. Nh3 f6 25. Nf4 Be8 26. R1c2 fxe5 27. dxe5 g6
28. Nd4 1-0

[Event "119th Scottish Championship"]
[Site "Glasgow"]
[Date "2012.07.07"]
[Round "1"]
[White "Brown, Allan D"]
[Black "Walker, Duncan"]
[Result "1/2-1/2"]
[WhiteElo "1806"]
[BlackElo "1991"]
[PlyCount "47"]
[EventDate "2012.07.07"]
[EventType "swiss"]
[EventRounds "9"]
[EventCountry "SCO"]
[Source "Chess Scotland"]
[SourceDate "2012.07.24"]

1. d4 Nf6 2. Nf3 e6 3. g3 b6 4. Bg2 Bb7 5. c4 Bb4+ 6. Bd2 Be7 7. Nc3 O-O 8. O-O
Ne4 9. Nxe4 Bxe4 10. Bc3 Bf6 11. Nd2 Bxg2 12. Kxg2 d6 13. e4 g6 14. e5 dxe5 15.
dxe5 Bg7 16. Qe2 Nc6 17. Nf3 Qe7 18. a3 a5 19. Qe4 Na7 20. b4 a4 21. b5 Rfc8
22. Bb4 Qe8 23. Rfd1 Bf8 24. Bxf8 1/2-1/2

[Event "119th Scottish Championship"]
[Site "Glasgow"]
[Date "2012.07.07"]
[Round "1"]
[White "Brunello, Roberta"]
[Black "Smith, Stephen H"]
[Result "1-0"]
[WhiteElo "1982"]
[BlackElo "1805"]
[PlyCount "61"]
[EventDate "2012.07.07"]
[EventType "swiss"]
[EventRounds "9"]
[EventCountry "SCO"]
[Source "Chess Scotland"]
[SourceDate "2012.07.24"]

1. e4 e6 2. d4 d5 3. e5 c5 4. c3 Nc6 5. Nf3 Qb6 6. a3 c4 7. Nbd2 Bd7 8. Be2 Be7
9. Rb1 Na5 10. O-O f6 11. b3 cxb3 12. c4 dxc4 13. Nxc4 Nxc4 14. Bxc4 Rc8 15.
Bxb3 Qd8 16. d5 Bb5 17. Re1 exd5 18. Nd4 Bc6 19. Ne6 Qd7 20. Nxg7+ Kd8 21. e6
Qd6 22. Nf5 Qc5 23. Be3 Qa5 24. Qg4 Bf8 25. Bd4 Rc7 26. e7+ Nxe7 27. Bxf6 Bd7
28. Bxh8 Bxf5 29. Qf3 Bh6 30. Rbd1 Be4 31. Rxe4 1-0

[Event "119th Scottish Championship"]
[Site "Glasgow"]
[Date "2012.07.07"]
[Round "1"]
[White "Eggink, Gerhard"]
[Black "Floros, Antonios"]
[Result "1-0"]
[WhiteElo "1965"]
[BlackElo "1780"]
[PlyCount "83"]
[EventDate "2012.07.07"]
[EventType "swiss"]
[EventRounds "9"]
[EventCountry "SCO"]
[Source "Chess Scotland"]
[SourceDate "2012.07.24"]

1. d4 Nf6 2. c4 e6 3. Nc3 Bb4 4. Nf3 O-O 5. Bg5 d5 6. e3 c5 7. a3 cxd4 8. axb4
dxc3 9. bxc3 h6 10. Bh4 a5 11. Qc2 Qc7 12. Bxf6 gxf6 13. cxd5 exd5 14. Bd3 Na6
15. Rxa5 Nxb4 16. cxb4 Rxa5 17. bxa5 Qxa5+ 18. Ke2 Bg4 19. Rb1 Rc8 20. Qb2 Qa4
21. h3 Bh5 22. g4 Bg6 23. Bxg6 fxg6 24. Nd4 Qc4+ 25. Ke1 Qd3 26. Qxb7 Re8 27.
Qxd5+ Kh8 28. Rb3 Qa6 29. Qb5 Qa1+ 30. Rb1 Qc3+ 31. Kf1 Re7 32. Ne2 Qc2 33. Rc1
Qe4 34. Rc8+ Kg7 35. Qc4 Qb1+ 36. Kg2 Qb7+ 37. f3 Rf7 38. Nf4 Qb2+ 39. Qc2
Qxc2+ 40. Rxc2 Re7 41. e4 f5 42. Rc7 1-0

[Event "119th Scottish Championship"]
[Site "Glasgow"]
[Date "2012.07.07"]
[Round "1"]
[White "Hardarson, Jon Trausti"]
[Black "Magee, Ronan"]
[Result "0-1"]
[WhiteElo "1774"]
[BlackElo "1965"]
[PlyCount "70"]
[EventDate "2012.07.07"]
[EventType "swiss"]
[EventRounds "9"]
[EventCountry "SCO"]
[Source "Chess Scotland"]
[SourceDate "2012.07.24"]

1. e4 c5 2. Nf3 d6 3. d4 cxd4 4. Nxd4 Nf6 5. Nc3 a6 6. Bg5 e6 7. f4 Be7 8. Qe2
h6 9. Bxf6 Bxf6 10. O-O-O Qc7 11. Qc4 Qxc4 12. Bxc4 b5 13. Bb3 Bb7 14. Rhe1 O-O
15. f5 b4 16. Na4 e5 17. Nf3 Rd8 18. Nb6 Ra7 19. Nd5 Bxd5 20. Rxd5 Be7 21. Red1
Nd7 22. Re1 a5 23. Kd2 a4 24. Bc4 Nb6 25. Bd3 Nxd5 26. exd5 Rc8 27. Re4 Bd8 28.
f6 Bxf6 29. Rxb4 Bd8 30. Rg4 h5 31. Rc4 Rxc4 32. Bxc4 f5 33. Ke3 Bf6 34. b3
axb3 35. axb3 e4 0-1

[Event "119th Scottish Championship"]
[Site "Glasgow"]
[Date "2012.07.07"]
[Round "1"]
[White "Emery, Keith"]
[Black "Brown, Ken A"]
[Result "1/2-1/2"]
[WhiteElo "1955"]
[BlackElo "1773"]
[PlyCount "38"]
[EventDate "2012.07.07"]
[EventType "swiss"]
[EventRounds "9"]
[EventCountry "SCO"]
[Source "Chess Scotland"]
[SourceDate "2012.07.24"]

1. e4 e5 2. Nf3 Nc6 3. Bc4 Nf6 4. Ng5 d5 5. exd5 Na5 6. Bb5+ c6 7. dxc6 bxc6 8.
Bd3 Bc5 9. Ne4 Nxe4 10. Bxe4 Bxf2+ 11. Kxf2 Qh4+ 12. g3 Qxe4 13. Re1 Qd4+ 14.
Kg2 Bb7 15. Qe2 c5+ 16. Kf1 Nc6 17. Qf2 Qd5 18. Nc3 Qh1+ 19. Qg1 Qf3+ 1/2-1/2